1575 2000 1488 1053 1723 1451 1348 1513 1181 1898 1698 1324 1428 1485 1994 1208 1308 1163 1417 1949 1989 1615 1741 1743 1459 1790 1419 1153 1710 1979 1283 1271 1395 1388 1652 1952 1737 1978 1694 1399 1360 1311 1303 1626 1103 1715 1791 1978 1421 1998 1703 1712 1515 1918 1409 1362 1505 1548 1138 1820 1778 1628 1522 1755 1972 1014 1701 1114 1416 1425 1347 1594 1461 1660 1315 1840 1015 1662 1073 1479 1168 1719 1219 1084 1864 1460 1297 1063 1195 1357 1203 1604 1665 1756 1682 1784 1729 1720 1335 BCNSPRNW ULIB Ver.6.0+V

เปลี่ยนเป็นภาษาไทย

Change to English
 แสดงรายละเอียดบรรณานุกรม
  กลับหน้าหลัก

Brief Record : Get Marc (ISO 2709) : E-mail record : QR code < ปิดหน้าต่าง
LEADER : 00000nam 2200000uu 4500
001    13399123506
003     ULIB
008    141001s2554||||th 000 0 tha d
020    ^a9789741115754
060  4 ^aW105.5.C8^bม513ก
100 0  ^aมาลี อรุณากูร
245 10 ^aการสื่อสารกับเด็กที่มีความบกพร่องทางการได้ยินในงานทันตกรรมสำหรับเด็ก /^cมาลี อรุณากูร
250    ^aพิมพ์ครั้งที่ 1
260    ^aกรุงเทพฯ :^bภาควิชาทันตกรรมสำหรับเด็ก คณะทันตแพทยศาสตร์ มหาวิทยาลัยมหิดล,^c2554
300    ^a150 หน้า :^bภาพประกอบ +^eคอมแพกต์ดิสก์ 1 แผ่น
650  7 ^aทันตกรรมเด็ก
650  7 ^aเด็กที่มีความบกพร่องทางการได้ยิน
650  7 ^aเด็กหูหนวก
650  7 ^aการสื่อสารทางทันตแพทย์
650  7 ^aการสื่อสารทางการแพทย์
945    ^p600^l0^i20901
945    ^p600^l0^i20902
945    ^p600^l0^i20903
945    ^p600^l0^i20904
945    ^p600^l0^i20905
999    ^aทศพร เกษรทอง
รายการนี้ยังไม่มีแท็ก
คุณยังไม่ได้ล็อกอิน คุณสามารถมีกิจกรรมร่วมกับเว็บไซต์ได้ แต่ต้องล็อกอินก่อน ::
  ล็อกอิน

รายการสื่อสารสนเทศ

ลำดับที่ ประเภท เลขเรียก/บาร์โค้ด สถานที่ สถานะ
1. วิทยาศาสตร์การแพทย์ และสุขภาพ
วิทยาศาสตร์การแพทย์ และสุขภาพ
สถานะ=หนังสือเก่า
W105.5.C8 ม513ก ฉ.1 
  Barcode: 20901
ห้องสมุดวิทยาเขตนครสวรรค์
►ส่วนจัดเก็บหนังสือเก่า นว.
บนชั้น
  ขอยืม
2. วิทยาศาสตร์การแพทย์ และสุขภาพ
วิทยาศาสตร์การแพทย์ และสุขภาพ
สถานะ=หนังสือเก่า
W105.5.C8 ม513ก ฉ.2 
  Barcode: 20902
ห้องสมุดวิทยาเขตนครสวรรค์
►ส่วนจัดเก็บหนังสือเก่า นว.
บนชั้น
  ขอยืม
3. วิทยาศาสตร์การแพทย์ และสุขภาพ
วิทยาศาสตร์การแพทย์ และสุขภาพ
สถานะ=หนังสือเก่า
W105.5.C8 ม513ก ฉ.3 
  Barcode: 20903
ห้องสมุดวิทยาเขตนครสวรรค์
►ส่วนจัดเก็บหนังสือเก่า นว.
บนชั้น
  ขอยืม
4. วิทยาศาสตร์การแพทย์ และสุขภาพ
วิทยาศาสตร์การแพทย์ และสุขภาพ
สถานะ=หนังสือเก่า
W105.5.C8 ม513ก ฉ.4 
  Barcode: 20904
ห้องสมุดวิทยาเขตนครสวรรค์
►ส่วนจัดเก็บหนังสือเก่า นว.
บนชั้น
  ขอยืม
5. วิทยาศาสตร์การแพทย์ และสุขภาพ
วิทยาศาสตร์การแพทย์ และสุขภาพ
สถานะ=หนังสือเก่า
W105.5.C8 ม513ก ฉ.5 
  Barcode: 20905
ห้องสมุดวิทยาเขตนครสวรรค์
►ส่วนจัดเก็บหนังสือเก่า นว.
บนชั้น
  ขอยืม

รายการใกล้เคียง
    ผู้แต่ง [มาลี อรุณากูร]

    หัวเรื่อง [ทันตกรรมเด็ก]
    หัวเรื่อง [เด็กที่มีความบกพร่องทางการได้ยิน]
    หัวเรื่อง [เด็กหูหนวก]
    หัวเรื่อง [การสื่อสารทางทันตแพทย์]
    หัวเรื่อง [การสื่อสารทางการแพทย์]

BibComment


ยังไม่เคยถูกคอมเมนท์

คอมเมนท์ทรัพยากรรายการนี้
  คอมเมนท์: การสื่อสารกับเด็..


 Copyright 2026. Bcnsprnw @Library